Microwave Theory and applications (Record no. 77646)

MARC details
000 -LEADER
fixed length control field 00661nam a2200145 a 4500
008 - FIXED-LENGTH DATA ELEMENTS--GENERAL INFORMATION
fixed length control field 120416s1969 ||||||||||||||||| || u
050 ## - LIBRARY OF CONGRESS CALL NUMBER
Classification number TK 7876 Ada
245 10 - TITLE STATEMENT
Title Microwave Theory and applications
246 ## -
-- 21 laboratory experiments
260 ## - PUBLICATION, DISTRIBUTION, ETC.
Place of publication, distribution, etc. Englewood Cliffs,N.J.
Name of publisher, distributor, etc. FT Prentice-Hall
Date of publication, distribution, etc. 1969
300 ## - PHYSICAL DESCRIPTION
Extent viii,123p. : ill.
350 ## -
-- 0.00
995 ## -
-- ANNEX COLLECTION (Main Library)
-- 0.00
-- 016508
-- CBU-MAIN LIBRARY (Kitwe)
-- 1
-- 3.70
-- TK 7876 Ada
-- AVAILABLE
-- 016508
-- Annex Low-Usage Collection
995 ## -
-- ANNEX COLLECTION (Main Library)
-- 0.00
-- 716636
-- CBU-MAIN LIBRARY (Kitwe)
-- 2
-- 3.70
-- TK 7876 Ada
-- AVAILABLE
-- 016507
-- Annex Low-Usage Collection
999 ## -
-- 77646
-- 77646
Holdings
Withdrawn status Lost status Source of classification or shelving scheme Damaged status Not for loan Permanent Location Current Location Shelving location Date acquired Total Checkouts Full call number Barcode Date last seen Copy number Price effective from Koha item type
          CBU-MAIN LIBRARY, KITWE. CBU-MAIN LIBRARY, KITWE.   05/03/2023   TK 7876 Ada 016508 05/03/2023 1 05/03/2023 MONOGRAPH
          CBU-MAIN LIBRARY, KITWE. CBU-MAIN LIBRARY, KITWE.   05/03/2023   TK 7876 Ada 016507 05/03/2023 2 05/03/2023 MONOGRAPH